000 00981nam0a22002411 4500
001 rc\2740882
005 20260406103115.0
035 _a(NLR Aleph) 006868039
090 _a6917561
_c6917561
100 _a20110915d1939 |||y0rusy50 ca
101 0 _arus
102 _aRU
105 _aa z |||||
200 1 _aИтальянское искусство эпохи Данте и Джотто
_eИстоки реализма в искусстве Зап. Европы
_fМ. В. Алпатов
210 _aМосква
_aЛенинград
_cИскусство
_d1939
_eЛенинград
215 _a224 с. текста, (225-332) с. ил., 11 вкл. л. ил.
_cил., черт.
_d29 см.
320 _aБиблиогр. и прим., с. 217-24
700 1 _aАлпатов
_bМ. В.
_f1902-1986
_gМихаил Владимирович
_970466
_3RU\NLR\AUTH\7787538
801 0 _aRU
_bNLR
_gpsbo
801 1 _aRU
_bELAR
_2rusmarc
852 _aNLR
_j39-6/91
942 _cBOOK
980 _aNB